Plant biochemistry and molecular biology (Record no. 18436)

MARC details
000 -LEADER
fixed length control field 00492nam a2200181Ia 4500
008 - FIXED-LENGTH DATA ELEMENTS--GENERAL INFORMATION
fixed length control field 230917s9999||||xx |||||||||||||| ||und||
020 ## - ISBN
Price USD154.95
040 ## - CATALOGING SOURCE
-- 232638
Original cataloging agency VIVEKANANDA LIBRARY
041 ## - Language
-- English
082 ## - DDC NUMBER
Classification number 581.192 P695P(2)
100 ## - MAIN ENTRY--PERSONAL NAME
Personal name Lea, Peter K. ed.
245 #0 - TITLE STATEMENT
Title Plant biochemistry and molecular biology
250 ## - EDITION STATEMENT
Edition statement 2nd ed.
260 ## - PUBLICATION, DISTRIBUTION, ETC. (IMPRINT)
Place of publication, distribution, etc Chichester
Name of publisher, distributor, etc Wiley
Date of publication, distribution, etc 1999
300 ## - PHYSICAL DESCRIPTION
Pages xix, 364 p.
500 ## - GENERAL NOTE
General note 2307 16/03/2016 HBD15/1833 21/03/2016 Botany DST-FIST
942 ## - ADDED ENTRY ELEMENTS (KOHA)
Koha item type Books
Holdings
Withdrawn status Lost status Damaged status Not for loan Location (home branch) Sublocation or collection (holding branch) Date acquired Koha issues (times borrowed) Koha full call number Accession No. Koha date last seen Koha item type
        VIVEKANANDA LIBRARY VIVEKANANDA LIBRARY 31/03/2016 1 581.192 P695P(2) 357549 12/04/2024 Books
        VIVEKANANDA LIBRARY VIVEKANANDA LIBRARY 31/03/2016 1 581.192 P695P(2) 357550 02/04/2026 Books
        VIVEKANANDA LIBRARY VIVEKANANDA LIBRARY 31/03/2016 1 581.192 P695P(2) 357551 10/04/2026 Books
        VIVEKANANDA LIBRARY VIVEKANANDA LIBRARY 31/03/2016 1 581.192 P695P(2) 357552 07/03/2025 Books
© Designed and Maintained by Vivekananda Library, MDU Rohtak